| 000 | 01614nam a2200325 i 4500 | ||
|---|---|---|---|
| 003 | BUEsh | ||
| 005 | 20240128100806.0 | ||
| 008 | 100713s1982 u f b 000 0 ara d | ||
| 017 | _a1983 / 1585 | ||
| 040 |
_aBUEsh _bara _erda _cBUEsh _dBUEsh |
||
| 043 | _afw----- | ||
| 082 | 0 | 4 |
_222 _a966 _bد ي ف |
| 100 | 1 |
_916266 _aدي، فيج. جي، _d1921-2002، _eمؤلف. |
|
| 240 | 1 | 0 |
_aHistory of West Africa. _lArabic |
| 245 | 1 | 0 |
_aتاريخ غرب أفريقيا / _cفيج. جي. دي ؛ ترجمة وتقديم وتعليق دكتور السيد يوسف نصر، قسم التاريخ، كلية الآداب، جامعة أسيوط ؛ راجع الترجمة إلى العربية دكتور بهجت رياض صليب، قسم اللغة الإنجليزية، كلية الآداب، جامعة أسيوط. |
| 250 | _aالطبعة الأولى. | ||
| 264 | 1 |
_aالقاهرة : _bدار المعارف، _c1982. |
|
| 300 |
_a432 صفحة ؛ _c24 سم |
||
| 336 |
_2rdacontent _aنص _btxt |
||
| 337 |
_aبدون وسيط _2rdamedia _bn |
||
| 338 |
_aمجلد _bnc _2rdacarrier |
||
| 504 | _aيشتمل على إرجاعات ببليوجرافية. | ||
| 541 |
_aألف باء ؛ _cشراء ؛ |
||
| 546 | _aالنص باللغة العربية وتم ترجمته من اللغة الإنجليزية. | ||
| 651 | 7 |
_2BUEsh _aأفريقيا الغربية _xتاريخ. |
|
| 655 | _vReading book | ||
| 700 | 1 |
_916263 _aنصر، السيد يوسف، _eمترجم، _eمقدم، _eمعلق. |
|
| 700 | 1 |
_916264 _aصليب، بهجت رياض، _d1928- _eمراجع، _eمترجم. |
|
| 942 |
_2ddc _cBB |
||
| 999 |
_c14475 _d14475 |
||